00681nam a2200205Ia 4500003000900000008004100009040001600050080002100066100001900087245008500106260004600191300001300237650002700250650003100277650002400308650002800332942000700360999001300367952009500380IN-BaIIA211028s9999 xx 000 0 eng d cIIA Library a552.5:083.8bSIM aSimpson, G. C. 0aTables for the reduction of meteorological observations in IndiacSimpson G. C.  aCalcuttabGovernment of India Pressc1910 aix, 95p. aEarth Atmospheres9267 aMeteorological-Tables9268 aNASA Thesaurus9100 aTables-Meteorology9269 cBK c130d130 00104070aBANbKODcGENd0000-00-00l0o552.5:083.8/ SIMp89r2021-11-05w0000-00-00yBK